000 01041nmm a2200397 a 4500
003 AR-BaBNM
005 20251128210550.0
008 210020s1999 ||||||||||||||000 | spa||
020 _a92-2-311861-1
040 _cAR-BaBNM
245 1 0 _aInseguridad laboral y competitividad
_bmodalidades de contratación
250 _a1ª ed.
260 _aLima
_bOIT
_c1999
300 _a284 p.
_btablas, gráfs.
650 4 _aFLEXIBILIZACION LABORAL
650 4 _aCONTRATOS DE TRABAJO
650 4 _aRELACIONES LABORALES
650 4 _aNEGOCIACION COLECTIVA
650 4 _aEMPLEO
650 4 _aPOLITICA DE EMPLEO
650 4 _aDERECHO LABORAL
650 4 _aSOCIOLOGIA POLITICA
650 4 _aHISTORIA DEL TRABAJO
650 4 _aPOLITICA LABORAL
650 4 _aREFORMA SOCIAL
650 4 _aTRABAJO
651 4 _aPerú
651 4 _aColombia
651 4 _aChile
651 4 _aBrasil
651 4 _aArgentina
700 1 _aTokman, Víctor E.
_eeditor
700 1 _aMartínez, Daniel
_eeditor
942 _cBK
998 _cMariana
999 _c15972
_d15972